Les principes du droit administratif des Etats-Unis / (Record no. 75154)
[ view plain ]
| 000 -LEADER | |
|---|---|
| campo de control de longitud fija | 00611nam a2200181 i 4500 |
| 001 - NÚMERO DE CONTROL | |
| campo de control | 75154 |
| 003 - IDENTIFICADOR DE NÚMERO DE CONTROL | |
| campo de control | ES-MaACL |
| 005 - FECHA Y HORA DE LA ÚLTIMA TRANSACCIÓN | |
| campo de control | 20230906172343.0 |
| 007 - CAMPO FIJO DE DESCRIPCIÓN FÍSICA--INFORMACIÓN GENERAL | |
| campo de control de longitud fija | t| |
| 008 - DATOS DE LONGITUD FIJA--INFORMACIÓN GENERAL | |
| campo de control de longitud fija | 040922s1907 fr ||||1| fre d |
| 100 1# - ENTRADA PRINCIPAL--NOMBRE DE PERSONA | |
| Nombre de persona | Goodnow, Frank Johnson. |
| 9 (RLIN) | 59111 |
| 245 14 - MENCIÓN DEL TÍTULO | |
| Título | Les principes du droit administratif des Etats-Unis / |
| Mención de responsabilidad, etc. | par Frank J. Goodnow ; traduction français par A. et Gaston Jèze. |
| 260 ## - PUBLICACIÓN, DISTRIBUCIÓN, ETC. | |
| Lugar de publicación, distribución, etc. | [S.l ; |
| -- | Laval : |
| Nombre del editor, distribuidor, etc. | s.n., |
| Fecha de publicación, distribución, etc. | 1907] ( |
| Lugar de fabricación/manufactura | Laval : |
| Fabricante | L. Barnéoud) |
| 300 ## - DESCRIPCIÓN FÍSICA | |
| Extensión | X, 613 p. ; |
| Dimensiones | 22 cm. |
| 700 1# - ENTRADA AGREGADA--NOMBRE PERSONAL | |
| Nombre de persona | Jéze, Alb. |
| 9 (RLIN) | 66387 |
| 700 1# - ENTRADA AGREGADA--NOMBRE PERSONAL | |
| Nombre de persona | Jèze, Gaston ( |
| Fechas asociadas al nombre | 1869-1953) |
| 9 (RLIN) | 154478 |
| 852 ## - LOCALIZACIÓN | |
| Ubicación | ES-MaACL |
| Número de control de estantería | F-3117 |
| Estatus retirado | Estado de pérdida | Estado de daño | No para préstamo | Biblioteca de origen | Biblioteca actual | Ubicación en estantería | Fecha de adquisición | Fuente de adquisición | Total de préstamos | Signatura topográfica completa | Código de barras | Visto por última vez | Precio de reemplazo | Tipo de ítem Koha |
|---|---|---|---|---|---|---|---|---|---|---|---|---|---|---|
| Biblioteca del Ateneo de Madrid | Biblioteca del Ateneo de Madrid | Depósito 2 | 17/01/2008 | F-3117 | 1078661 | 23/02/2023 | 23/02/2023 | Libro impreso |
